000 00599nam a2200181Ia 4500
008 090124s9999 xx 000 0 und d
082 _b15070
100 _aबोरकर कमलाकर
245 _a रक्तात रंगली नाती
250 _a0
260 _bत्रिदल प्रकाशन
_c1971
300 _a90
600 _aबोरकर कमलाकर
630 _a रक्तात रंगली नाती
700 _aबोरकर कमलाकर
730 _a रक्तात रंगली नाती
942 _cBOOK
999 _c88155
_d88155